Poesía afrocolombiana : edición bilingüe español-portugués = Poesia afrocolombiana : edição bilíngue espanhol-português /

Detalles Bibliográficos
Otros Autores: Maglia, Graciela (Editor), Queiroz, Sônia (Editor)
Formato: Electrónico eBook
Lenguaje:español
portugués
Publicado: Belo Horizonte : Bogotá, Colombia : Editora UFMG ; Editorial Pontificia Universidad Javeriana, [2022]
Colección:Incipit (Editora UFMG)
Materias:
Acceso en línea:Digitalia Hispánica

MARC

LEADER 00000nam a2200000 i 4500
001 DIGEPUJ0419
003 NyNyDIG
007 cr |||||||||||
008 240112s2022 bl a ob 000 p spa d
006 m o d
035 |a (OCoLC)1417820929 
040 |a DGITA  |b eng  |e rda  |e pn  |c DGITA 
020 |a 9786580010103  |q (digital) 
020 |z 9789587818369  |q (impreso) 
041 1 |a spa  |a por  |h spa 
050 1 4 |a PQ8180 ebook 
245 0 0 |a Poesía afrocolombiana :  |b edición bilingüe español-portugués = Poesia afrocolombiana : edição bilíngue espanhol-português /  |c Graciela Maglia, Sônia Queiroz, organizadoras. 
246 3 1 |a Poesia afrocolombiana :  |b edição bilíngue espanhol-português  
264 1 |a Belo Horizonte :  |b Editora UFMG ;  |a Bogotá, Colombia :  |b Editorial Pontificia Universidad Javeriana,  |c [2022] 
300 |a 1 online resource :  |b illustrations. 
336 |a text  |b txt  |2 rdacontent 
337 |a computer  |b c  |2 rdamedia 
338 |a online resource  |b cr  |2 rdacarrier 
347 |a text file  |2 rdaft 
347 |b EPUB 
490 1 |a Incipit. Letras 
504 |a Includes bibliographical references. 
546 |a Text in Spanish and Portuguese. 
588 0 |a Online resource; title from ePub title page (Digitalia, viewed January 12, 2024) 
650 0 |a Colombian poetry. 
655 7 |a Poetry.  |2 lcgft 
700 1 |a Maglia, Graciela,  |e editor. 
700 1 |a Queiroz, Sônia,  |e editor. 
791 2 |a Digitalia (Firm),  |e distributor. 
793 0 |g Digitalia eBook Collection:  |a Pontificia Universidad Javeriana 
776 0 8 |i Print version:  |t Poesía afrocolombiana.  |d Belo Horizonte : Editora UFMG ; Bogotá, Colombia : Editorial Pontificia Universidad Javeriana, [2022]  |z 9789587818369 
830 0 |a Incipit (Editora UFMG) 
856 4 0 |3 Digitalia Hispánica  |u https://www.digitaliapublishing.com/a/131959/ 
910 |a Premium collection: 2024